El Término municipal : extensión y alteraciones / Julio Castelao Rodríguez y la Redacción de El Consultor de los Ayuntamientos extensión y alteraciones / Julio Castelao Rodríguez y la Redacción de El Consultor de los Ayuntamientos
ISBN:
84-7052-221-3
Descripción Física:
662 p. ; 24 cm
Colección:
Publicaciones Abella
MARC
| LEADER | 00000nam a2200000Ia 4500 | ||
|---|---|---|---|
| 001 | 18753 | ||
| 008 | 160829s1994 xx 000 0 cat d | ||
| 020 | |a 84-7052-221-3 | ||
| 080 | |a M-5-381 | ||
| 100 | |a Castelao Rodríguez, Julio |9 18150 | ||
| 245 | |a El Término municipal : |b extensión y alteraciones / Julio Castelao Rodríguez y la Redacción de El Consultor de los Ayuntamientos | ||
| 260 | |a Madrid : |b El Consultor de los Ayuntamientos, |c 1994 | ||
| 300 | |a 662 p. ; |c 24 cm | ||
| 490 | |a Publicaciones Abella | ||
| 590 | |a Bibliografia. | ||
| 590 | |a Inclou legislació | ||
| 650 | |a Municipis |x Espanya |9 44642 | ||
| 650 | 0 | |a Administració local |z Espanya |9 37433 | |
| 650 | 0 | |a Dret municipal |z Espanya |9 11112 | |
| 710 | 2 | |a Consultor de los Ayuntamiento y de los Juzgados |9 55140 |e entitat autora | |
| 901 | |a Arxiu | ||
| 942 | |n 1 |2 udc | ||
| 952 | |0 0 |1 0 |4 0 |6 M5381 |7 1 |9 52067 |a Arxiu |b Arxiu |d 2016-12-01 |l 0 |o M-5-381 |p 18753 |r 2016-12-01 00:00:00 |w 2016-12-01 |y ARXIU | ||
| 999 | |c 55915 |d 55915 | ||